Les vainqueurs de la Coupe du Monde - Statistiques

Statistiques générales
  • Ce quiz a été pris 119 fois
  • Le résultat moyen est 18 sur 22
Statistiques - réponses
Année Equipe % Correct
2022 Argentine
93%
1930 Uruguay
93%
1998 France
92%
2018 France
92%
2014 Allemagne
90%
2010 Espagne
88%
2006 Italie
86%
2002 Brésil
85%
1994 Brésil
84%
1990 Allemagne de l'Ouest
82%
1962 Brésil
82%
1958 Brésil
80%
1970 Brésil
79%
1934 Italie
79%
1986 Argentine
78%
1982 Italie
77%
1974 Allemagne de l'Ouest
76%
1978 Argentine
76%
1954 Allemagne de l'Ouest
74%
1966 Angleterre
74%
1938 Italie
73%
1950 Uruguay
73%
Aucun quiz correspondant
Distribution des résultats
% des personnes avec chaque résultat
Percentile par nombre de réponses
Votre historique - résultats
Vous n’avez pas pris ce quiz